تحميل...
Arms aims and aspects /
| المؤلف الرئيسي: | |
|---|---|
| التنسيق: | Printed Book |
| اللغة: | English |
| منشور في: |
Bombay :
Manaktalas,
1966.
|
| LEADER | 00447nam a2200121Ia 4500 | ||
|---|---|---|---|
| 008 | 150624b xxu||||| |||| 00| 0 eng d | ||
| 082 | |a 355.450954 | ||
| 100 | |a Chaudhuri, General J. N. | ||
| 245 | |a Arms aims and aspects / |c General J. N. Chaudhuri | ||
| 260 | |a Bombay : |b Manaktalas, |c 1966. | ||
| 942 | |c BK | ||
| 999 | |c 60278 |d 60278 | ||
| 952 | |0 0 |1 0 |4 0 |6 355_450954000000000_CHA_A |7 0 |9 60255 |a UL |b UL |c SEC |d 2012-10-27 |l 0 |o 355.450954 CHA/A |p D1294 |r 2012-10-27 |w 2012-10-27 |y BK | ||